Toronto Raptors: Top 10 All-Time Leaders - Statistics

General Stats
  • This quiz has been taken 978 times
    20 since last reset
  • The average score is 68 of 104
Answer Stats
Category # Player Amount % Correct
Games 1 DeMar DeRozan 675
93%
Points 2 Kyle Lowry 10,540
93%
Rebounds 4 Kyle Lowry 2,954
93%
Assists 1 Kyle Lowry 4,277
93%
Steals 1 Kyle Lowry 873
93%
Three Pointers Made 1 Kyle Lowry 1,518
93%
Points Per Game 6 Kyle Lowry 17.5
93%
Games 2 Kyle Lowry 601
93%
Triple-Doubles 1 Kyle Lowry 16
93%
Points 8 Scottie Barnes 6,204
93%
Rebounds 8 Scottie Barnes 2,665
93%
Assists 6 Scottie Barnes 1,842
93%
Blocks 7 Scottie Barnes 383
93%
Points Per Game 7 Scottie Barnes 17.4
93%
Triple-Doubles 2 Scottie Barnes 9
93%
Points 4 Vince Carter 9,420
93%
Assists 9 Vince Carter 1,553
93%
Steals 6 Vince Carter 534
93%
Blocks 4 Vince Carter 415
93%
Three Pointers Made 8 Vince Carter 554
93%
Points Per Game 1 Vince Carter 23.4
93%
Triple-Doubles T8 Vince Carter 1
93%
Points 3 Chris Bosh 10,275
87%
Rebounds 1 Chris Bosh 4,776
87%
Blocks 1 Chris Bosh 600
87%
Points Per Game 3 Chris Bosh 20.2
87%
Games 6 Chris Bosh 509
87%
Triple-Doubles T8 Chris Bosh 1
87%
Points 1 DeMar DeRozan 13,296
87%
Rebounds 7 DeMar DeRozan 2,739
87%
Assists 3 DeMar DeRozan 2,078
87%
Steals 3 DeMar DeRozan 655
87%
Points Per Game 4 DeMar DeRozan 19.7
87%
Rebounds 10 Jakob Poeltl 2,094
87%
Blocks 10 Jakob Poeltl 333
87%
Field Goal Percent 1 Jakob Poeltl 65.0%
87%
Points 5 Pascal Siakam 8,875
87%
Rebounds 3 Pascal Siakam 3,324
87%
Assists 5 Pascal Siakam 1,846
87%
Steals 10 Pascal Siakam 468
87%
Three Pointers Made 9 Pascal Siakam 527
87%
Points Per Game 8 Pascal Siakam 17.4
87%
Games 5 Pascal Siakam 510
87%
Triple-Doubles 3 Pascal Siakam 5
87%
Points 9 Fred VanVleet 6,090
73%
Assists 4 Fred VanVleet 2,036
73%
Steals 4 Fred VanVleet 562
73%
Three Pointers Made 2 Fred VanVleet 1,000
73%
Games T10 Fred VanVleet 417
73%
Triple-Doubles T5 Fred VanVleet 2
73%
Points 6 Andrea Bargnani 6,581
67%
Rebounds 9 Andrea Bargnani 2,095
67%
Blocks 8 Andrea Bargnani 382
67%
Three Pointers Made 7 Andrea Bargnani 579
67%
Games 9 Andrea Bargnani 433
67%
Rebounds 5 Antonio Davis 2,839
67%
Blocks 5 Antonio Davis 405
67%
Field Goal Percent 5 Ed Davis 54.7%
67%
Games 7 Jonas Valančiūnas 470
67%
Points Per Game 2 RJ Barrett 20.5
67%
Points Per Game 9 Immanuel Quickley 17.2
60%
Field Goal Percent 7 Serge Ibaka 50.3%
60%
Rebounds 6 Amir Johnson 2,836
53%
Blocks 2 Amir Johnson 480
53%
Field Goal Percent 2 Amir Johnson 57.2%
53%
Games 8 Amir Johnson 451
53%
Field Goal Percent 9 James Johnson 49.8%
53%
Points 10 Jonas Valanciunas 5,524
53%
Rebounds 2 Jonas Valanciunas 3,961
53%
Blocks 3 Jonas Valanciunas 479
53%
Field Goal Percent 3 Jonas Valanciunas 55.9%
53%
Steals 8 OG Anunoby 487
53%
Three Pointers Made 4 OG Anunoby 651
53%
Assists 7 Alvin Williams 1,791
47%
Steals 7 Alvin Williams 517
47%
Games T10 Alvin Williams 417
47%
Triple-Doubles T8 Alvin Williams 1
47%
Triple-Doubles 4 Damon Stoudamire 3
47%
Field Goal Percent 10 Jerome Williams 49.7%
47%
Assists 2 José Calderón 3,770
47%
Steals 9 José Calderón 469
47%
Three Pointers Made 10 José Calderón 456
47%
Games 4 José Calderón 525
47%
Triple-Doubles T5 José Calderón 2
47%
Assists 8 Damon Stoudamire 1,761
40%
Points Per Game 5 Damon Stoudamire 19.6
40%
Blocks 6 Chris Boucher 384
33%
Three Pointers Made 6 Gary Trent Jr. 597
33%
Points Per Game 10 Gary Trent Jr. 16.3
33%
Blocks 9 Marcus Camby 360
33%
Triple-Doubles T5 Marcus Camby 2
33%
Points 7 Morris Peterson 6,498
33%
Steals 5 Morris Peterson 552
33%
Three Pointers Made 3 Morris Peterson 801
33%
Games 3 Morris Peterson 542
33%
Three Pointers Made 5 Terrence Ross 598
33%
Assists 10 Doug Christie 1,197
20%
Steals 2 Doug Christie 664
20%
Triple-Doubles T8 Mark Jackson 1
20%
Field Goal Percent 8 Keon Clark 49.9%
7%
Field Goal Percent 6 Oliver Miller 50.9%
7%
Triple-Doubles T8 Ben Uzoh 1
0%
Triple-Doubles T8 Jonathan Mogbo 1
0%
Field Goal Percent 4 Rasho Nesterovic 54.8%
0%
No matching quizzes found
Score Distribution
Percent of People with Each Score
Percentile by Number Answered
Your Score History
You have not taken this quiz since the last reset